000 01108cad a22002055a 4500
001 L155436
008 120619s2012 xxk f 000 0 eng d
035 _a(Sirsi) u155436
041 0 _aeng
110 2 _aSavills
_92020
245 0 0 _aMarket in minutes prime lettings
_bQ1 2012
_h[electronic resource]
260 _aLondon
_bSavills
_c2012
490 0 _aSavills Research UK Residential Market in Minutes Prime Lettings
_vQ1 2012
520 _aPrime residential lettings movement for the 1 Qr 2012 reveals that South West outperformed the rest of London prime markets. The five year prime rental market forecasts predicts that between 2012 and 2016, Central London will perform the best in the sector. Concludes with a view of current tenant trends across Prime Central London, Prime South West, Prime North and Prime East.
590 _aKA NTK
651 4 _aUNITED KINGDOM
690 _aResidential property
_96266
856 4 0 _uhttps://pdf.euro.savills.co.uk/uk/residential---other/market-in-minutes---lettings-q1-2012.pdf
_zView the report after free registration at www.savills.co.uk.
942 _n0
999 _c113572
_d113572